000 01561nam a22003257a 4500
005 20240530110701.0
008 180110s2015 ua k g b 000 0 ara d
017 _a2014/25077
_bمصر. دار الكتب
020 _a9789774385063
040 _aEG-CaGPL
_cEG-CaGPL
082 0 4 _221
_a361.32 /
_bك خ
100 1 _aكريستينسن، دانا. ن.
245 1 0 _aخدمة الفرد المرتكزة على الحل :
_bمقدمة فى مهارات ادارة الحالة والمهارات الاكلينكية فى خدمة الفرد = Solution - Based Casework /
_cتاليف دانا. ن. كريستينسن، جيفرى تودال، ويليام. سى بارت ؛ ترجمة كلثم جبر الكوارى
246 1 1 _aSolution - Based Casework
250 _aط. 1
260 _aالقاهرة :
_bالمكتب الجامعى الحديث ،
_c2015.
300 _a304 ص. :
_bايض ؛
_c24 سم.
504 _aيشتمل على ارجاعات ببليوجرافية
650 0 7 _2qrmak
_aالخدمة الاجتماعية
650 0 7 _2qrmak
_aالارشاد الاجتماعى
650 0 7 _2qrmak
_aالشئون الاجتماعية
650 0 7 _2qrmak
_aالعلوم الاجتماعية
650 0 7 _2qrmak
_aالخدمة الاجتماعية
_xبحوث
651 _2qrmak
700 1 _aتودال، جيفرى
_eمؤلف مشارك
700 1 _aبارت، ويليام. سى
_eمؤلف مشارك
700 0 _aكلثم جبر الكوارى
_eمترجم
942 _2ddc
_cBK
999 _c63839
_d63839